Ricostruisci la Carriera dell'Allenatore - Italia - Quiz n°3 - Statistics

Statistiche generali
  • Questo quiz è stato fatto 18 volte
  • Il punteggio medio è 8 su 14
Statistiche sulle risposte
Allenatore Carriera Squadra % Corretto
Carlo Ancelotti Reggiana 1995-1996, Parma 1996-1998, Juventus 1999-2001, .......... 2001-2009, Chelsea 2009-2011, Paris Saint-Germain 2012-2013, Real Madrid 2013-2015, Bayern Monaco 2016-2017, Napoli 2018-2019, Everton 2019-2021, Real Madrid 2021- Milan
100%
Thiago Motta Genoa 2019, .......... 2021-2022, Bologna 2022- Spezia
88%
Roberto De Zerbi Darfo Boario 2013-2014, Foggia 2014-2016, Palermo 2016, Benevento 2017-2018, .......... 2018-2021, Shakhtar Donetsk 2021-2022, Brighton 2022- Sassuolo
82%
Vittorio Pozzo Italia 1912, Torino 1912-1922, Italia 1921, Italia 1924, Milan 1924-1926, .......... 1929-1948 Italia
76%
Luciano Spalletti Empoli 1994, Empoli 1995-1998, Sampdoria 1998-1999, Venezia 1999-2000, Udinese 2001, Roma 2005-2009, .......... 2009-2014, Roma 2016-2017, Inter 2017-2019, Napoli 2021- Zenit San Pietroburgo
76%
Fabrizio Castori Belfortese 1980-1981, San Vicino 1981-1982, Urbisaglia 1982-1983, Belfortese 1984-1985, Camerino 1985-1987, Grottese 1987-1988, Cerreto 1988-1991, Monturanese 1991-1992, Tolentino 1992-1998, Lanciano 1998-1999, Castel di Sangro, Lanciano 2000-2003, Cesena 2003-2008, Salernitana 2008, Salernitana 2009, Piacenza 2009, Ascoli 2010-2011, Varese 2012-2013, Reggina 2013, .......... 2014-2017, Cesena 2017-2018, Carpi 2018-2019, Trapani 2019-2020, Salernitana 2020-2021, Perugia 2022- Carpi
65%
Filippo Inzaghi Milan 2014-2015, .......... 2016-2018, Bologna 2018-2019, Benevento 2019-2021, Brescia 2021-2022, Reggina 2022- Venezia
59%
Serse Cosmi Pontevecchio 1990-1995, Arezzo 1995-2000, .......... 2000-2004, Genoa 2004-2005, Udinese 2005-2006, Brescia 2007-2008, Livorno 2009-2010, Palermo 2011, Lecce 2011-2012, Siena 2012, Pescara 2014, Trapani 2015-2016, Ascoli 2017-2018, Venezia 2019, Perugia 2020, Crotone 2021, Rijeka 2022 Perugia
53%
Roberto D'Aversa Virtus Lanciano 2014-2016, .......... 2016-2020, Parma 2021, Sampdoria 2021-2022 Parma
47%
Pasquale Marino Milazzo 1997-1999, Ragusa 1999-2000, Paternò 2000-2002, Foggia 2002-2004, Arezzo 2004-2005, Catania 2005-2007, .......... 2007-2010, Parma 2010-2011, Genoa 2011-2012, Pescara 2013-2014, Vicenza 2014-2016, Frosinone 2016-2017, Brescia 2017-2018, Spezia 2018-2019, Palermo 2019, Empoli 2020, SPAL 2020-2021, Crotone 2021 Udinese
41%
Osvaldo Bagnoli Solbiatese 1973-1974, Como 1975-1977, Rimini 1977-1978, Fano 1978-1979, Cesena 1979-1981, .......... 1981-1990, Genoa 1990-1992, Inter 1992-1994 Hellas Verona
35%
Alberto Bigon Conegliano 1984-1986, Reggina 1986-1987, Cesena 1987-1989, .......... 1989-1991, Lecce 1991-1992, Lecce 1992, Udinese 1992-1993, Ascoli 1994-1995, Sion 1996-1997, Perugia 1997-1998, Olympiakos 1999-2000, Sion 2007, Sion 2008, Interblock Lubiana 2008 Napoli
29%
Walter Novellino Perugia 1992-1993, Gualdo Casacastalda 1993-1995, Perugia 1995, Ravenna 1996-1997, Venezia 1997-1999, Napoli 1999-2000, Piacenza 2000-2002, .......... 2002-2007, Torino 2007-2008, Torino 2008-2009, Reggina 2009, Livorno 2011, Modena 2013-2015, Palermo 2016, Avellino 2016-2018, Catania 2019, Juve Stabia 2021, Juve Stabia 2022 Sampdoria
29%
Cesare Maldini Milan 1972-1974, Foggia 1974-1976, Ternana 1976-1977, Parma 1979-1980, Italia Under-21 1986-1996, Italia Olimpica 1992-1996, Italia 1996-1998, Milan 2001, .......... 2001-2002 Paraguay
24%
Nessun quiz corrispondente trovato
Distribuzione punteggi
Percentuale di utenti per punteggio
Percentile per numero di risposta
I tuoi punteggi nel tempo
Non hai fatto questo quiz